000 00216nam a2200097Ia 4500
008 240331s9999 xx 000 0 und d
082 _bBHA
100 _aBhasin, K
245 0 _aGahanu lamaya yanu kawarekda?
942 _cL
999 _c5563
_d5563